Introduction à la théorie politique environnementale (notice n° 1925510)

détails MARC
000 -LEADER
fixed length control field 01651cam a2200133 4500500
005 - DATE AND TIME OF LATEST TRANSACTION
control field 20260329023217.0
041 ## - LANGUAGE CODE
Language code of text/sound track or separate title fre
042 ## - AUTHENTICATION CODE
Authentication code dc
100 10 - MAIN ENTRY--PERSONAL NAME
Personal name Estève, Adrien
Relator term author
245 00 - TITLE STATEMENT
Title Introduction à la théorie politique environnementale
260 ## - PUBLICATION, DISTRIBUTION, ETC.
Name of publisher, distributor, etc. Armand Colin,<br/>
Date of publication, distribution, etc. 2020.<br/>
520 ## - SUMMARY, ETC.
Summary, etc. Depuis la fin du XIXe siècle, la planète connaît un bouleversement écologique sans précédent causé par l’activité humaine. Cette crise nous oblige à repenser notre agir et à envisager une transformation de notre manière de faire de la politique. Cet ouvrage propose de découvrir les principales théories politiques et morales qui ont été élaborées pour faire face à cette nouvelle réalité et imaginer de nouvelles formes de vie en commun (éthique environnementale, critique de la technique, écologie radicale, démocratie écologique, etc.). L’étude de ces différentes propositions permet d’aborder un certain nombre de questions qui sont au coeur des débats politiques contemporains : quelles obligations morales avons-nous envers la nature et le vivant ? Faut-il reconnaître un crime d’écocide ? Lutter contre l’idéologie du progrès technique et inventer de nouvelles formes de vie plus résilientes et respectueuses de l’environnement ? Réaffirmer l’importance du principe de précaution dans l’action publique ? Ou encore proposer un nouveau contrat social et écologique qui inclurait les formes de vie non humaines et les générations futures ?
856 41 - ELECTRONIC LOCATION AND ACCESS
Uniform Resource Identifier <a href="https://shs.cairn.info/introduction-a-la-theorie-politique-environnementa--9782200628369?lang=fr&redirect-ssocas=7080">https://shs.cairn.info/introduction-a-la-theorie-politique-environnementa--9782200628369?lang=fr&redirect-ssocas=7080</a>

Pas d'exemplaire disponible.

PLUDOC

PLUDOC est la plateforme unique et centralisée de gestion des bibliothèques physiques et numériques de Guinée administré par le CEDUST. Elle est la plus grande base de données de ressources documentaires pour les Étudiants, Enseignants chercheurs et Chercheurs de Guinée.

Adresse

627 919 101/664 919 101

25 boulevard du commerce
Kaloum, Conakry, Guinée

Réseaux sociaux

Powered by Netsen Group @ 2025